| 000 | 01284nam a22003497a 4500 | ||
|---|---|---|---|
| 003 | CHAP | ||
| 005 | 20220329143123.0 | ||
| 008 | 060523d2002 mx a r 00110 spa d | ||
| 010 | _a92225 | ||
| 011 | _a93197 | ||
| 035 | _a103769 | ||
| 040 | _cCHAP | ||
| 090 | _aTesis | ||
| 100 | 1 |
_aHernández Martínez, Bernardo. _954282 |
|
| 245 | 1 | 0 |
_aManejo de áfidos vectores del virus de la mancha anular del papayo (Carica papaya L.) _c/por Bernardo Hernández, Martínez |
| 260 |
_aChapingo, Méx. : _bEl autor, _c2006. |
||
| 300 |
_a73 h. : _bilus.; cuadros. |
||
| 502 | _aTesis (Ing. Agr. Esp. en Parasitología Agrícola) - - UACH. Departamento de Parasitología Agrícola | ||
| 590 |
_aALEPH _b10 _c20130110 _lUCH01 _h1511 |
||
| 590 |
_aBATCH-UPD _b10 _c20130110 _lUCH01 _h0643 |
||
| 590 |
_aBATCH-UPD _b10 _c20130410 _lUCH01 _h0327 |
||
| 590 |
_aBATCH-UPD _b10 _c20130913 _lUCH01 _h2005 |
||
| 590 |
_aCONVERSION _b10 _c20130109 _lUCH01 _h1351 |
||
| 650 | 1 | 4 |
_aAfídidos. _91031 |
| 650 | 1 | 4 |
_aMancha anular del papayo. _970296 |
| 650 | 1 | 4 |
_aPapaya _xEnfermedades por virus. _985335 |
| 901 | _aBK | ||
| 905 | _aElisama A. H. | ||
| 942 | _cFOLL | ||
| 949 |
_aTesis _bBC _cTES _d00000000103769 _eTS1 _h45138 _i103769 _sb |
||
| 949 |
_aTesis _bBC _cTES _d33724000871265 _eTS2 _fc.2 _h45139 _i103769 _sb |
||
| 999 |
_c92225 _d92225 |
||